Princess (Record no. 4503)

MARC details
000 -LEADER
fixed length control field 00712nam a22002057a 4500
003 - CONTROL NUMBER IDENTIFIER
control field OSt
005 - DATE AND TIME OF LATEST TRANSACTION
control field 20250923035401.0
008 - FIXED-LENGTH DATA ELEMENTS--GENERAL INFORMATION
fixed length control field 250923b |||||||| |||| 00| 0 eng d
020 ## - INTERNATIONAL STANDARD BOOK NUMBER
International Standard Book Number 0-8129-1017-6
040 ## - CATALOGING SOURCE
Original cataloging agency DWCL-Main lib
Transcribing agency OC
082 ## - DEWEY DECIMAL CLASSIFICATION NUMBER
Classification number GR. 941.085 L131 1982
100 ## - MAIN ENTRY--PERSONAL NAME
Personal name Lacey, R.
245 ## - TITLE STATEMENT
Title Princess
Remainder of title
260 ## - PUBLICATION, DISTRIBUTION, ETC.
Place of publication, distribution, etc. New York :
Name of publisher, distributor, etc. Times Books,
Date of publication, distribution, etc. c1982
300 ## - PHYSICAL DESCRIPTION
Extent 127 pages :
Other physical details colored illustration :
Dimensions 28 cm.
650 ## - SUBJECT ADDED ENTRY--TOPICAL TERM
Source of heading or term Diana, Princess of Wales, 1961-1997--Juvenile literature.
650 ## - SUBJECT ADDED ENTRY--TOPICAL TERM
Source of heading or term Diana, Princess of Wales, 1961-1997.
650 ## - SUBJECT ADDED ENTRY--TOPICAL TERM
Source of heading or term Princesses--Great Britain--Biography--Juvenile literature.
942 ## - ADDED ENTRY ELEMENTS (KOHA)
Source of classification or shelving scheme Dewey Decimal Classification
Koha item type General Reference
Classification part GR. 941.085 L131 1982
Call number prefix GR.
Suppress in OPAC No
952 ## - LOCATION AND ITEM INFORMATION (KOHA)
--
Holdings
Withdrawn status Lost status Source of classification or shelving scheme Damaged status Not for loan Home library Current library Shelving location Date acquired Source of acquisition Total Checkouts Full call number Barcode Date last seen Copy number Price effective from Koha item type Uniform Resource Identifier
    Dewey Decimal Classification     College Library College Library General Reference 12/19/2005 Donation   GR. 941.085 L131 1982 42627 09/23/2025 c1 09/23/2025 GR